Development of Singular Points in a Beam Passed Phase Screen Simulating Atmospheric Turbulence and Precision of Such a Screen Approximation by Zernike Polynomials; Photonics; Vol. 9, iss. 56

Dades bibliogràfiques
Parent link:Photonics
Vol. 9, iss. 56.— 2022.— [285, 14 p.]
Autor principal: Kanev F. Yu. Fedor Yurievich
Autor corporatiu: Национальный исследовательский Томский политехнический университет Инженерная школа энергетики Отделение электроэнергетики и электротехники
Altres autors: Makenova N. A. Nailya Altynkhanovna, Veretekhin I. D. Igor Dmitrievich
Sumari:Title screen
This article addresses two issues. Firstly, it was shown that if the initial phase of a Gaussian beam is specified by the sum of Zernike polynomials or by a screen simulating atmospheric turbulence, in the process of propagation, singular points appear in the wavefront of such a beam. With the use of numerical simulation, the dependence of the vortices number on the distortion characteristics and on the distance traveled by the beam was determined. The second problem analyzed in the article is the problem of a phase screen approximation by a series formed by Zernike polynomials. The carried out numerical experiments made it possible to determine the dependence of approximation accuracy on the screen parameters and on the number of polynomials entering the basis of approximation.
Idioma:anglès
Publicat: 2022
Matèries:
Accés en línia:http://earchive.tpu.ru/handle/11683/73249
https://doi.org/10.3390/photonics9050285
Format: MixedMaterials Electrònic Capítol de llibre
KOHA link:https://koha.lib.tpu.ru/cgi-bin/koha/opac-detail.pl?biblionumber=668050

MARC

LEADER 00000naa0a2200000 4500
001 668050
005 20250326142219.0
035 |a (RuTPU)RU\TPU\network\39274 
035 |a RU\TPU\network\37602 
090 |a 668050 
100 |a 20220602d2022 k||y0rusy50 ba 
101 0 |a eng 
102 |a CH 
135 |a drcn ---uucaa 
181 0 |a i  
182 0 |a b 
200 1 |a Development of Singular Points in a Beam Passed Phase Screen Simulating Atmospheric Turbulence and Precision of Such a Screen Approximation by Zernike Polynomials  |f F. Yu. Kanev, N. A. Makenova, I. D. Veretekhin 
203 |a Text  |c electronic 
300 |a Title screen 
320 |a [References: 18 tit.] 
330 |a This article addresses two issues. Firstly, it was shown that if the initial phase of a Gaussian beam is specified by the sum of Zernike polynomials or by a screen simulating atmospheric turbulence, in the process of propagation, singular points appear in the wavefront of such a beam. With the use of numerical simulation, the dependence of the vortices number on the distortion characteristics and on the distance traveled by the beam was determined. The second problem analyzed in the article is the problem of a phase screen approximation by a series formed by Zernike polynomials. The carried out numerical experiments made it possible to determine the dependence of approximation accuracy on the screen parameters and on the number of polynomials entering the basis of approximation. 
461 |t Photonics 
463 |t Vol. 9, iss. 56  |v [285, 14 p.]  |d 2022 
610 1 |a электронный ресурс 
610 1 |a труды учёных ТПУ 
610 1 |a adaptive optics 
610 1 |a atmospheric turbulence 
610 1 |a optical vortices 
610 1 |a Zernike polynomials 
610 1 |a адаптивная оптика 
610 1 |a атмосферная турбулентность 
610 1 |a оптические вихри 
610 1 |a полиномы Цернике 
700 1 |a Kanev  |b F. Yu.  |c specialist in electrical engineering  |c Associate Professor of Tomsk Polytechnic University, Doctor of physical and mathematical sciences  |f 1960-  |g Fedor Yurievich  |3 (RuTPU)RU\TPU\pers\33711 
701 1 |a Makenova  |b N. A.  |c physicist  |c Associate Professor of Tomsk Polytechnic University, Candidate of physical and mathematical sciences  |f 1974-  |g Nailya Altynkhanovna  |3 (RuTPU)RU\TPU\pers\33712  |9 17343 
701 1 |a Veretekhin  |b I. D.  |g Igor Dmitrievich 
712 0 2 |a Национальный исследовательский Томский политехнический университет  |b Инженерная школа энергетики  |b Отделение электроэнергетики и электротехники  |3 (RuTPU)RU\TPU\col\23505 
801 0 |a RU  |b 63413507  |c 20221026  |g RCR 
856 4 |u http://earchive.tpu.ru/handle/11683/73249 
856 4 |u https://doi.org/10.3390/photonics9050285 
942 |c CF